00319nam a22001097a 4500008004100000020002300041082001100064100002000075245006000095260004500155300000900200260427b |||||||| |||| 00| 0 eng d a‎ 978-9354975660 a002025 aGoh,Cheng Leong a Certificate Physical and Human Geography 2nd Edition  aNew DelhibOxford University Pressc2023 a202p